| 000 | 00000nam##2200000za#4500 |
| 001 | 9.595037 |
| 003 | CaOODSP |
| 005 | 20210624202731 |
| 007 | cr ||||||||||| |
| 008 | 150406|2007||||xxc|||||o f|0| 0 fre|d |
| 020 | |a978-0-662-07079-5 |
| 040 | |aCaOODSP|bfre |
| 043 | |an-cn--- |
| 086 | 1 |aEn49-7/1-47F-PDF |
| 110 | 1 |aCanada. |bEnvironnement Canada. |
| 245 | 10|aMéthode d'essai biologique. Essai de mesure de la survie et de la croissance de collemboles exposés à des contaminants dans le sol / |h[ressource électronique]|c[préparé par le] Centre des sciences et technologies environnementales, révisé par Direction générale des sciences et de la technologie. |
| 260 | |aOttawa - Ontario : |bEnvironnement Canada |cSeptembre 2007. |
| 300 | |a172p.|bfigures, références, tableaux |
| 490 | 1 |aSérie de la Protection de l'environnement. [Méthodes de référence]|vSPE 1/RM/47 |
| 590 | |a12-22-Supp|b2012-05-24 |
| 775 | 08|tBiological test method. Test for measuring survival and reproduction of springtails exposed to contaminants in soil / |w(CaOODSP)9.562944 |
| 830 | #0|aSérie de la Protection de l'environnement. [Méthodes de référence]|vSPE 1/RM/47|w(CaOODSP)9.501305 |
| 856 | 40|ahttp://publications.gc.ca|qPDF|s1.17 Mo|uhttps://publications.gc.ca/collections/collection_2012/ec/En49-7-1-47-fra.pdf|ySPE 1/RM/47 |